000 00568cam a22002053a 4500
001 42351
003 PGUSA
005 20140828083947.0
008 130317s2013||||xxu|||||s|||||000 | eng d
040 _aPGUSA
_beng
042 _adc
100 1 _aHarris, Albert W.
245 1 4 _aThe Cruise of a Schooner
_h[electronic resource] /
_cAlbert W. Harris
260 _bProject Gutenberg,
_c2013
506 _aPublic domain in the USA.
516 _aElectronic text
830 0 _aProject Gutenberg
_v42351
856 4 0 _uhttp://www.gutenberg.org/ebooks/42351
942 _cEB
999 _c271603
_d271603